MARC

Tag First Indicator Second Indicator Subfields
LEADER 00000cam a2200000 a 4500
001 in00001402489
005 20151020055410.0
008 970129s1998 njua b 001 0 eng
010 |a  97005645  
020 |a 0691016836 (cloth : alk. paper) 
035 |a (OCoLC)36316014 
035 |9 AHN4363AM 
040 |a DLC  |c DLC  |d C#P  |d TXA  |d UtOrBLW 
043 |a n-us---  |a n-us-oh  |a n-us-ma 
049 |a TXAM 
050 0 0 |a LB2351.2  |b .D84 1998 
082 0 0 |a 378.1/61/0973/09045  |2 21 
100 1 |a Duffy, Elizabeth A.,  |d 1966- 
245 1 0 |a Crafting a class :  |b college admissions and financial aid, 1955-1994 /  |c Elizabeth A. Duffy and Idana Goldberg. 
264 1 |a Princeton, N.J. :  |b Princeton University Press,  |c [1998] 
264 4 |c ©1998 
300 |a xxi, 296 pages :  |b illustrations ;  |c 25 cm. 
336 |a text  |b txt  |2 rdacontent 
337 |a unmediated  |b n  |2 rdamedia 
338 |a volume  |b nc  |2 rdacarrier 
504 |a Includes bibliographical references (pages [277]-285) and index. 
650 0 |a Universities and colleges  |z United States  |x Admission  |x History  |y 20th century  |x Case studies. 
650 0 |a College attendance  |z United States  |x History  |y 20th century  |x Case studies. 
650 0 |a Student aid  |z United States  |x History  |y 20th century  |x Case studies. 
650 0 |a Universities and colleges  |z Ohio  |x Admission  |x History  |y 20th century. 
650 0 |a College attendance  |z Ohio  |x History  |y 20th century. 
650 0 |a Student aid  |z Ohio  |x History  |y 20th century. 
650 0 |a Universities and colleges  |z Massachusetts  |x Admission  |x History  |y 20th century. 
650 0 |a College attendance  |z Massachusetts  |x History  |y 20th century. 
650 0 |a Student aid  |z Massachusetts  |x History  |y 20th century. 
700 1 |a Goldberg, Idana,  |d 1971- 
948 |a c:pk 
999 |a MARS 
999 f f |s d6136abd-578d-3c98-95d3-ddf57eabafcc  |i 478a3b12-31c8-377d-8142-543d1bf5de88  |t 0 
952 f f |p normal  |a Texas A&M University  |b College Station  |c Sterling C. Evans Library  |d Evans: Library Stacks  |t 0  |e LB2351.2 .D84 1998  |h Library of Congress classification  |i unmediated -- volume  |m A14822183952 
998 f f |a LB2351.2 .D84 1998  |t 0  |l Evans: Library Stacks